|
|
|
|
| LEADER |
01728nam a2200337 i 4500 |
| 001 |
10110430 |
| 003 |
GR-PaULI |
| 005 |
20210117211025.0 |
| 008 |
200109s2013 gr a g dgre d |
| 952 |
|
|
|0 0
|1 0
|2 ddc
|4 0
|6 780_150000000000000_ROS
|7 0
|9 238089
|a THST
|b THST
|d 2020-01-09
|i 015067
|l 1
|o 780.15 ROS
|p 025000264588
|r 2020-07-17 00:00:00
|s 2020-06-12
|t 1
|v 2020.00
|w 2020-01-09
|y BK15
|z Δωρεά Εθνική Λυρική Σκηνή
|
| 999 |
|
|
|c 143884
|d 143884
|
| 020 |
|
|
|a 9789609432481
|
| 040 |
|
|
|a GR-PaULI
|c GR-PaULI
|b gre
|e AACR2
|
| 041 |
0 |
|
|a gre
|a eng
|
| 082 |
0 |
4 |
|a 780.15
|2 23
|
| 100 |
1 |
|
|a Rossini, Gioachino Antonio
|d 1792-1868
|9 125056
|e συνθέτης
|
| 110 |
1 |
0 |
|a Εθνική Λυρική Σκηνή
|9 134108
|
| 245 |
1 |
2 |
|a Η Σταχτοπούτα, ή, Ο θρίαμβος της καλοσύνης =
|b La Cenerentοla, ossia, La bonta in trionfo : παιγνιώδες δράμα σε δύο πράξεις /
|c Τζοακίνο Ροσσίνι ; ποιητικό κείμενο Γιάκοπο Φερρέττι.
|
| 246 |
1 |
|
|a Ο θρίαμβος της καλοσύνης
|
| 246 |
1 |
|
|a La Cenerentοla
|
| 246 |
1 |
|
|a La bonta in trionfo
|
| 260 |
|
|
|a Αθήνα :
|b Εθνική Λυρική Σκηνή,
|c 2013.
|
| 300 |
|
|
|a 95 σ. :
|b φωτ. ;
|c 17 εκ.
|
| 490 |
0 |
|
|a Εθνική Λυρική Σκήνή : 2013/4 ;
|v 57
|
| 500 |
|
|
|a Θέατρο Ολύμπια, Οκτώβριος - Νοέμβριος 2013, νέα παραγωγή.
|
| 546 |
|
|
|a ελληνικά και αγγλικά
|
| 650 |
|
4 |
|a Όπερα
|9 84204
|
| 650 |
|
4 |
|a Όπερες
|x Οδηγοί ανάλυσης
|9 134138
|
| 700 |
1 |
4 |
|9 179391
|a Ferretti, Jacopo,
|d 1784-1852.
|e λιμπρετίστας
|
| 942 |
|
|
|2 ddc
|c BK15
|
| 998 |
|
|
|c ΜΑΝΙΑ
|d 2020-01
|